Movies Quiz

Random Movies or Clickable Quiz

Click the 'J' Movie Title Character Quiz Stats

 Plays Quiz Updated Dec 19, 2020

Support Sporcle.
Go Orange.
Score 0/20 Timer 03:00
6 Plays Today
% Correct
Joker
97.1%
Jack Frost
94.1%
Jason Bourne
91.3%
Johnny English
89.4%
Juno
88.6%
John Wick
88.5%
Jerry Maguire
86%
Jackie Brown
84.9%
J. Edgar
82.8%
Jack Reacher
81.1%
% Correct
Jojo Rabbit
80.7%
Judge Dredd
76.5%
Joy
76.2%
Joe Dirt
74.3%
Jerk
69.6%
Jason X
67.9%
Jupiter Ascending
63.2%
John Carter
59.2%
Jackal
58.4%
Jonah Hex
55.6%

You're not logged in!

Compare scores with friends on all Sporcle quizzes.
OR
Log In
Remove Ads.
Support Sporcle.
Get the best of Sporcle when you Go Orange. This ad-free experience offers more features, more stats, and more fun while also helping to support Sporcle. Thank you for becoming a member.

Show Comments

Extras

Top Quizzes Today


Score Distribution

Your Account Isn't Verified!

In order to create a playlist on Sporcle, you need to verify the email address you used during registration. Go to your Sporcle Settings to finish the process.

Report this User

Report this user for behavior that violates our Community Guidelines.

Details: